000 00440nam a2200181Ia 4500
001 8226
005 20260306160553.0
008 260306t2011||||xx |||||||||||||| ||spa||
041 _aESP
082 _a370.15
_bP674 T. 3
100 _aLandeira Ediciones
_eAUT
245 0 _aPsicopedagogía práctica:
_bpara el trabajo en el aula
260 _c2011
300 _a
_c27 cm.
650 _aGEN
654 _aCED
942 _cLIB
_dJUS
_fJUS
_2ddc
_n
999 _c8226
_d8226